Migrating to NET- A Pragmatic Path to Visual Basic Net, Visual C++ Net & ASP Net (Record no. 2286)

MARC details
000 -LEADER
fixed length control field 00445nam a2200169Ia 4500
008 - FIXED-LENGTH DATA ELEMENTS--GENERAL INFORMATION
fixed length control field 221030s9999 xx 000 0 und d
020 ## - INTERNATIONAL STANDARD BOOK NUMBER
ISBN 8178089416
041 ## - LANGUAGE CODE
Language code of text/sound track or separate title
082 ## - DEWEY DECIMAL CLASSIFICATION NUMBER
Classification number 105.23
Item number Kat
100 ## - MAIN ENTRY--AUTHOR NAME
Personal name D. Katre
245 #0 - TITLE STATEMENT
Title Migrating to NET- A Pragmatic Path to Visual Basic Net, Visual C++ Net & ASP Net
260 ## - PUBLICATION, DISTRIBUTION, ETC. (IMPRINT)
Name of publisher Pearson Educaiton
Place of publication Delhi
Year of publication 2003
300 ## - PHYSICAL DESCRIPTION
Number of Pages 487
650 ## - SUBJECT ADDED ENTRY--TOPICAL TERM
Topical Term Computers
700 ## - ADDED ENTRY--PERSONAL NAME
Personal name P. Halari
942 ## - ADDED ENTRY ELEMENTS (KOHA)
Koha item type Books
Holdings
Accession Number Cost, normal purchase price Full call number Price effective from Koha item type Withdrawn / writtenoff status Materials specified (bound volume or other part) Damaged status Not for loan Permanent Location Current Location Shelving location Date acquired Lost/ Missing status department
M 482 350.00 105.23 Kat 10/30/2022 Books   Print     MIET Library, Jammu MIET Library, Jammu BL-Academic Block -b, FL-2, CUP-25, SH-2, R-2 05/24/2004   MCA